000 00349nam a2200145Ia 4500
008 240624s9999 xx 000 0 und d
041 _aeng
082 _a153.94 DAT
100 _aDATEY V S
245 _aLIMITED INSOLVENCY EXAMINATION GUIDE
250 _a(2nd ed.)
260 _c2019
_aNew Delhi
_bTaxmann
300 _a1088 p.
365 _cRS
_b30
999 _c31851
_d31851